MDQL
is popping MORE tags! Check the
thread
!
Quizzes
Events
Quiz Creation
Community
Videos
Private Events
Remove Ads
Sign In
Join for FREE
Feedback
Dark Mode
Quiz Categories
Sports
Geography
Music
Movies
Television
Just For Fun
Miscellaneous
History
Literature
Language
Science
Gaming
Entertainment
Religion
Holiday
For Kids
Quiz Lab
Recent
Popular Today
Quiz Kudos Today
Editor Picks
Curator Picks
Quizzes by...
Day
Popularity
Type
Ratings
Length
Year
Community
Subscriptions
Recent Discussions
Orange Saloon
Badges
Playlists
Quests
Create
Leaderboards
Showdown
Live 5
Trivia Bingo
Activity
Puzzle Library
Sporcle Events
Private Events
Virtual Trivia
Globe League
Become a Host
Pub Owners
SporcleCon
Opinionation
Our Games
Videos
Blog
Mobile Apps
Partnerships
Remove Ads and Go Orange
Feedback
Music
Pop Music
The Beatles
Song
Album
Lyrics
Bands
Singers
Artist
Clip
Rock
Rap
Classical
Billboard
Country Music
Kpop
Taylor Swift
Music
Pop Music
The Beatles
Song
Album
Lyrics
Bands
Singers
Artist
Clip
Rock
Rap
Classical
Billboard
Country Music
Kpop
Taylor Swift
Random Quiz
Search Sporcle
×
Quiz Lab
Quiz Lab
Music
Album
Type in answers that appear in a list
Type in answers that appear in a list
Classic
Best Score? Go Orange.
The Devil Wears Prada Songs Stats
Can you name the Devil Wears Prada Songs?
By
benji1922
4m
33 Questions
267 Plays
267 Plays
267 Plays
Comments
Comments
Give Quiz Kudos
Give Quiz Kudos
-
- Ratings
hide this ad
Replay
Link that replays current quiz
Next Quiz
Link to next quiz in quiz playlist
You Got
0%
They Got
Avg Score
39%
Avg Friend Score
Upgrade to see
Score Distribution
Jump to the score distribution portion of the page
Score
0/33
Timer
04:00
0
Plays Today
Album
Song
% Correct
Plagues
Hey John, Whats Your Name Again
69.7%
Dear Love: A Beautiful Discord
Dogs Can Grow Beards All Over
65.9%
With Roots Above and Branches Below
Danger: Wildman
63.3%
Plagues
HTML Rulez d00d
61.4%
With Roots Above and Branches Below
Louder Than Thunder
58.4%
Plagues
Reptar, King Of The Ozone
56.9%
With Roots Above and Branches Below
Sassafras
56.2%
Plagues
Goats On A Boat
53.2%
With Roots Above and Branches Below
Assistant To The Regional Manager
51.7%
With Roots Above and Branches Below
Dez Moines
51.3%
With Roots Above and Branches Below
Big Wiggly Style
50.2%
With Roots Above and Branches Below
Ben Has A Kid
49.1%
Dear Love: A Beautiful Discord
Texas Is South
47.2%
With Roots Above and Branches Below
I Hate Buffering
43.8%
With Roots Above and Branches Below
Lord Xenu
43.4%
Plagues
Nickels Is Money Too
41.2%
Dear Love: A Beautiful Discord
Swords, Dragons and Diet Coke
39.7%
Album
Song
% Correct
Plagues
Number Three, Never Forget
37.8%
Plagues
This Song Is Called
36.3%
Plagues
The Scorpion Deathlock
34.1%
Plagues
Don't Dink and Drance
33.3%
Plagues
You Can't Spell 'Crap' Without 'C'
33.3%
Dear Love: A Beautiful Discord
Rosemary Had An Accident
30%
With Roots Above and Branches Below
Gimme Half
28.8%
With Roots Above and Branches Below
Wapakalypse
27.3%
Dear Love: A Beautiful Discord
Salvation
23.2%
Dear Love: A Beautiful Discord
Redemption
22.1%
Dear Love: A Beautiful Discord
Gauntlet of Solitude
21.3%
Dear Love: A Beautiful Discord
The Ascent
21%
Dear Love: A Beautiful Discord
And The Sentence Trails Off
18.4%
Bonus Song...
Spongebob Grindpants
18%
Dear Love: A Beautiful Discord
Who Speaks Spanish, Colon Quesadilla
17.6%
Dear Love: A Beautiful Discord
Modeify The Pronunciation
13.9%
Quiz Playlist
Details
Report
Send in Message
Add To Playlist
Classic:
Type in answers that appear in a list
Last Updated: Feb 16, 2017
Quiz Scoreboard
CHALLENGE
Sign Up to Join the Scoreboard
Show All
Scores
Hide
Comments
May contain spoilers
Recently Published
1-10 Letter E Words III
by El_Dandy
Language
2m
Street Fighter Characters
by Artimus82
Gaming
60s
College Basketball Coaching Resumes
by pancakes188
Sports
9m
More to Explore
Quiz From the Vault
Featured Blog Post
Where Did the Easter Bunny Come From?
hide this ad
You Might Also Like...
Tags
Album Quiz
Song Quiz
Devil
prada
Wear
Today's Top Quizzes in Music
Browse Music
hide this ad
Today's Top Quizzes in Album
Browse Album
Top Contributed Quizzes in Music
1
Taylor Swift All Songs (2024)
2
Taylor Swift Logic Puzzle
3
Guess the Artist- 70s Songs
4
7-to-1: Billboard Hot 100 #1 Hits of 2010s
5
Sorting Albums and Songs
6
KPOP LOGIC QUIZ
7
Billboard Blitz: Aretha Franklin
8
Guess the Taylor Swift song (Mystery Song)
9
Guess The Taylor Swift Lyrics Song #1
10
Billboard Blitz: ABBA
Explore More
Trending Topics
Harry Potter
Disney
Crossword
Kpop
Marvel
NBA
Anime
WWE
The Office
Puzzle
Song
Country
Soccer
Pokémon
NFL
hide this ad
More By:
benji1922
Quiz
Plays
Rating
Category
Featured
Created
The Devil Wears Prada Songs
267
1.00
Music
Nov 17, 2009
Go to Creator's Profile
Score Distribution
Quiz Creator Spotlight
benji1922
Follow
Send a Message
Quizzes Created
-
Created Quiz Play Count
-
More By This Creator
Popular Quizzes Today
1
Find the US States - No Outlines Minefield
2
Find the Countries of Europe - No Outlines Minefield
3
Find the US States
4
The Countries of the World
5
Risky Map Clicking: Biggest States A-Z
6
US States
7
Popular People in 1961
8
Movies - When Are They Set?
More Music Quizzes
R&B Music Artists
Published
Trending Quizzes
Risky Map Clicking: Least Populous States A-Z
1-10 Letter G Words
Countries of the World: 200 Million BC
1-10 Letter F Words
Risky Map Clicking: Next State Alphabetically
Recently Updated
Rides in Walt Disney World
pecheneg
Most Oscar Losses (Acting)
pecheneg
Beyoncé Albums
pecheneg
Leaping Animals
pecheneg
Reality TV Shows (A-Z)
bhenderson79
Rickey Henderson's Hall of Fame Teammates
pecheneg
Champions League XIs: Arsenal
pecheneg
Quick Pick: Celebrities in WWE's Hall of Fame
aduchscher
A-Z Keypad Blitz II
pecheneg
Trending Topics
Kpop
Anime
Marvel
Crossword
Disney
NBA
Harry Potter
Country
WWE
Song
NFL
Pokémon
Soccer
Puzzle
The Office
Your Account Isn't Verified!
In order to create a playlist on Sporcle, you need to verify the email address you used during registration. Go to your
Sporcle Settings
to finish the process.
Report this User
Report this user for behavior that violates our
Community Guidelines
.
Details:
Send Report
Go to the Sporcle.com Mobile Site →
Comments